They’re Rocks - Sudden Death - Statistics

General Stats
  • This quiz has been taken 3,432 times
  • The average score is 8 of 17
Answers on the Grid
Answers color-coded by a green-red scale on the quiz's grid according to % correct below.
Albumin
Basalt
Bauxite
Breccia
Cadydid
Chalk
Feldspar
Flint
Floodstone
Geodude
Gneiss
Hoplite
Limestone
Lint
Luddite
Magneton
Marble
Moria
Nephron
Obsidian
Porphyry
Pumice
Quartzite
Sambo
Scoria
Shale
Slate
Spume
Thylacine
Trachyte
 
Answer Stats
Answer % Correct
Basalt
86%
Limestone
76%
Flint
73%
Marble
70%
Chalk
68%
Obsidian
65%
Slate
65%
Quartzite
61%
Pumice
55%
Shale
52%
Bauxite
51%
Feldspar
43%
Gneiss
34%
Breccia
14%
Trachyte
13%
Porphyry
10%
Scoria
9%
No matching quizzes found
Score Distribution
Percent of People with Each Score
Percentile by Number Answered
Your Score History
You have not taken this quiz